Los Burdeles en la Isla: relaciones erótico-afectivas entre mujeres /
Retoma la experiencia de cinco mujeres con una existencia lesbiana y en ejecicio de la prostitución. Los principios epistemológicos con una perspectiva de género y una metodología cualitativa participativa valora los conocimientos adquiridos por las mujeres en su experiencia de vida y en la práctic...
Guardado en:
| Hovedforfatter: | |
|---|---|
| Format: | Texto |
| Fag: | |
| Tags: |
Tilføj Tag
Ingen Tags, Vær først til at tagge denne postø!
|
MARC
| LEADER | 00000 a a2200000 04500 | ||
|---|---|---|---|
| 001 | 15367 | ||
| 003 | |||
| 040 | |||
| 100 | |a Gamboa Barboza, Isabel | ||
| 245 | |a Los Burdeles en la Isla: relaciones erótico-afectivas entre mujeres / |c Isabel Gamboa Barboza | ||
| 520 | |a Retoma la experiencia de cinco mujeres con una existencia lesbiana y en ejecicio de la prostitución. Los principios epistemológicos con una perspectiva de género y una metodología cualitativa participativa |a valora los conocimientos adquiridos por las mujeres en su experiencia de vida y en la práctica cotidiana. El estudio profundiza en la subjetividad de las mujeres que se asumen dentro de un contínuo lesbianismo y ejercicio de la prostitución, que irrumpen con un contra-discurso ante las representaciones de la realidad que siguen imponiendo unos sentimientos, unos deseos, unas actitudes, unas acciones, unos placeres y negando o condenando toda otra expresión. REV/LCL | ||
| 650 | |a PUB.IIS | ||
| 650 | |a LESBIANISMO | ||
| 650 | |a PROSTITUCION | ||
| 650 | |a ENTREVISTAS | ||
| 773 | |g volumen 42, número 88 (2); páginas 77-85 | ||
| 999 | |c 30345 |d 30345 | ||
| 773 | 0 | |0 18728 |9 3049 |a Universidad de Costa Rica |d San José, Costa Rica Editorial UCR 1956- |o 18176 |t Revista de Ciencias Sociales/ |x 04825276 | |
